Kế toán tài chính : Lý thuyết - bài tập có lời giải
Tổng quan về kế toán tài chính. Bài tập và lí thuyết nghiệp vụ kế toán: kế toán tài sản bằng tiền, hàng tồn kho, tài sản cố định, tài sản đầu tư, hoạt động kinh doanh...
Đã lưu trong:
| 主要作者: | |
|---|---|
| 格式: | 图书 |
| 语言: | Undetermined |
| 出版: |
Hà Nội
Tài Chính
2008
|
| 主题: | |
| 标签: |
添加标签
没有标签, 成为第一个标记此记录!
|
| Thư viện lưu trữ: | Trung tâm Học liệu Trường Đại học Cần Thơ |
|---|
| LEADER | 00968nam a2200229Ia 4500 | ||
|---|---|---|---|
| 001 | CTU_149490 | ||
| 008 | 210402s9999 xx 000 0 und d | ||
| 020 | |b 16000 | ||
| 020 | |c 96000 | ||
| 082 | |a 657.42 | ||
| 082 | |b Gi106 | ||
| 100 | |a Nguyễn, Phú Giang | ||
| 245 | 0 | |a Kế toán tài chính : | |
| 245 | 0 | |b Lý thuyết - bài tập có lời giải | |
| 245 | 0 | |c Nguyễn Phú Giang | |
| 260 | |a Hà Nội | ||
| 260 | |b Tài Chính | ||
| 260 | |c 2008 | ||
| 520 | |a Tổng quan về kế toán tài chính. Bài tập và lí thuyết nghiệp vụ kế toán: kế toán tài sản bằng tiền, hàng tồn kho, tài sản cố định, tài sản đầu tư, hoạt động kinh doanh... | ||
| 650 | |a Cost accounting,Managerial accounting,Kế toán quản trị,Kế toán chi phí | ||
| 904 | |i Trọng Hiếu | ||
| 980 | |a Trung tâm Học liệu Trường Đại học Cần Thơ | ||